A Kassai Kir. Jog- És Államtudományi Kar Évkönyve 1914-15.

Uložené v:
Podrobná bibliografia
Médium: Kniha
Vydané: 1915
Tagy: Pridať tag
Žiadne tagy, Buďte prvý kto otaguje tento záznam!

MARC

LEADER 00000nam a2200000 a 4500
001 000207921
005 00000000000000.0
008 040101s1915 e o
245 0 0 |a A Kassai Kir. Jog- És Államtudományi Kar Évkönyve 1914-15. 
260 |c 1915 
500 |a Záznam neprešiel kontrolou 
910 |a svkkk 
998 |a BK 
090 |g SCKHL  |k HIS - študovňa  |a III.90552  |i 2720444429  |s Príručka / Študovňa